[Event "Mogliano Veneto op-B 43th"]
[Site "Mogliano Veneto"]
[Date "2023.04.23"]
[Round "2"]
[White "Rignanese, Michele"]
[Black "Molinelli, Luigi"]
[Result "1-0"]
[WhiteElo "999"]
[BlackElo "1195"]
[PlyCount "89"]
[EventDate "2023.04.23"]
[EventType "swiss"]
[EventRounds "5"]
[EventCountry "ITA"]
[SourceTitle "EXT 2024"]
[Source "ChessBase"]
[SourceDate "2023.10.10"]
[SourceVersion "1"]
[SourceVersionDate "2023.10.10"]
[SourceQuality "1"]

1. e4 c5 2. b4 e6 3. bxc5 Bxc5 4. d4 Bb6 5. Nf3 d6 6. Bd3 Nc6 7. c3 Nge7 8. 0-0 0-0 9. Na3 d5 10. e5 a6 11. Bc2 Qc7 12. Qd3 Ng6 13. h4 f5 14. exf6 Rxf6 15. Ng5 Nce7 16. h5 h6 17. hxg6 hxg5 18. Bxg5 Rf5 19. Bh4 Nxg6 20. Bg3 Qf7 21. Rfe1 Bd7 22. Rab1 Bb5 23. Nxb5 axb5 24. Qxb5 Ba5 25. Bxf5 Qxf5 26. Qxb7 Rf8 27. Qd7 Nf4 28. Bxf4 Qxf4 29. Qxe6+ Kh7 30. Qh3+ Kg8 31. Qg3 Bc7 32. Qxf4 Bxf4 33. Re7 Rc8 34. g3 Bh6 35. Rb3 Bd2 36. Reb7 Bxc3 37. Rb8 Rxb8 38. Rxb8+ Kf7 39. a4 Bxd4 40. a5 Ke6 41. Rb7 Kd6 42. a6 Kc6 43. Kf1 g5 44. Ke2 g4 45. Rb4 1-0